L’ Étape (Registro nro. 310869)

Detalles MARC
000 -ENCABEZADO
Número de control [NR] 01614nam a22002777a 4500
005 - FECHA Y HORA DE LA ÚLTIMA TRANSACCIÓN
control field 20181011114437.0
008 - DE LONGITUD FIJA DE DATOS DE ELEMENTOS - INFORMACIÓN GENERAL
Elementos de longitud fija [NR] 140429n1910 fr ||||fr|||| 00| 0 fre d
040 ## - FUENTE DE CATALOGACION [NR]
Quien Cataloga Sandra Yazo
Quien Clasifica Sandra Yazo
041 0# - CODIGO DE IDIOMA [R]
Código de idioma para texto/pista de sonido o título separado [R] Francés
082 04 - NUMERO DE CLASIFICACION DECIMAL DEWEY [R]
Número de la edición [NR] 843.3
Número de clasificación [R] 20
092 ## - SIGNATURA TOPOGRAFICA LOCAL
Número de clasificación local E47N022
100 1# - ASIENTO PRINCIPAL--NOMBRE PERSONAL [NR]
Nombre personal [NR] Bourget, Paul
Fechas asociadas con el nombre [NR] 1852-1935
ID Autoridad 60359
242 03 - TRADUCCION DEL TITULO POR LA AGENCIA CATALOGADORA [R]
Título [NR] La época
Mención de responsabilidad, etc. [NR] Paul Bourget
Código de idioma del título traducido [NR] spa
245 10 - MENCION DE TITULO [NR]
Título [NR] L’ Étape
Mención de responsabilidad, etc. [NR] Paul Bourget
260 ## - PUBLICACION, DISTRIBUCION, ETC. (PIE DE IMPRENTA) [R]
Lugar de publicación, distribución, etc. [R] París (Francia)
Nombre del editor, distribuidor, etc. [R] Librairie Plon ; Plon-Nourrit et Cie. [Librería Plon ; Plon-Nourrit y Compañía]
Fecha de publicación, distribución, etc. [R] [fecha desconocida]
300 ## - DESCRIPCION FISICA [R]
Extensión [R] 516 páginas
Dimensiones [R] 18 x 12 cm.
500 ## - NOTA GENERAL [R]
Nota general [NR] Detalles físicos: Encuadernación rígida (holandesa) en cartón forrado en papel jaspeado. Lomo de tela texturizada adornos en dorado. Guardas. Hoja de cortesía. Anteportada. Portada impresa en una sola tinta con un grabado de la marca tipográfica del editor-impresor. Dedicatoria. Texto impreso en una sola columna. Notas de pie de página. Índice. Tapa delantera con papel rasgado. Bordes del papel con oxidación. Papel de págs. 451 a 466 con rotura.
505 ## - NOTA DE CONTENIDO CON FORMATO PREESTABLECIDO [R]
Nota de contenido con formato preestablecido [NR] Un enamorado ; El obstáculo ; Los Monneron ; Inquietudes del espíritu y del corazón ; La Unión Tolstoi ; Camino del crimen ; Los hermanos y la hermana ; Corazón de jovencita ; Et ne nos inducas ; La catástrofe ; Padre e hijo ; Brigitte Ferrand
506 ## - NOTA DE RESTRICCIONES DE ACCESO [R]
Condiciones de acceso [NR] Consulta en sala
546 ## - NOTA DE IDIOMA [R]
Nota de idioma [NR] Texto en francés
650 #7 - ASIENTO SECUNDARIO DE MATERIA - TERMINO TEMATICO [R]
9 (RLIN) 7794
Término temático o nombre geográfico como elemento de entrada [NR] Literatura francesa
Subdivisión cronológica [R] Siglo XX
650 #7 - ASIENTO SECUNDARIO DE MATERIA - TERMINO TEMATICO [R]
9 (RLIN) 54495
Término temático o nombre geográfico como elemento de entrada [NR] Ensayos franceses
Subdivisión cronológica [R] Siglo XX
650 #7 - ASIENTO SECUNDARIO DE MATERIA - TERMINO TEMATICO [R]
9 (RLIN) 9815
Término temático o nombre geográfico como elemento de entrada [NR] Autores franceses
690 ## - ASUNTO AGREGADO LOCAL DE ENTRADA - TÉRMINO TEMÁTICO (OCLC, RLIN)
Acceso temático local Literatura europea
9 (RLIN) 26524
942 ## - ELEMENTOS DE ENTRADA AGREGADOS (KOHA)
Tipo de ítem principal el descrito en 300a Libro
Edición 1
Sistema de clasificación LOCAL
Clasificación E47N022
Existencias
Suprimido Perdido Sistema de clasificación Dañado No prestable Tipo de ítem específico Ubicación habitual Ubicación actual Localización Fecha de creación Forma de adquisición Costo Total préstamos Signatura topográfica Código de barras Última vez visto Ejemplar Price effective from Tipo de ítem
    LOCAL     Libro archivo Archivo Histórico Archivo Histórico Archivo histórico 11/10/2018 Donación 0.00   E47N022 L006700 11/10/2018 Ej.1 11/10/2018 Libro